| 000 | 00687nab a2200229 a 4500 | ||
|---|---|---|---|
| 005 | 20210219161110.0 | ||
| 008 | 991125s1985 mx 000 0 spa u | ||
| 035 | _aUPN01000178906 | ||
| 100 | 1 | _aAyestarán, Sabino | |
| 222 | _aREVISTA DE PSICOLOGIA SOCIAL | ||
| 245 | _a¿ Cómo influyen los cambios culturales sobre el contrato psicológico entre el trabajador y la organización ? | ||
| 260 | _aMadrid, España | ||
| 300 | _a131-144 | ||
| 362 | 0 | _a2010 Vol. 25, no. 2, may. | |
| 653 | 0 | _aCULTURA ORGANIZACIONAL | |
| 653 | 0 | _aCONTRATO PSICOLOGICO | |
| 653 | 0 | _aEMPRESA | |
| 653 | 0 | _aTRABAJADORES | |
| 700 | 1 | _aValencia, José, | |
| 700 | 1 | _ecoaut. | |
| 905 | _aArticulo | ||
| 999 |
_c151009 _d151009 |
||